000 01896nam0a2200313 4500
001 RU\NLR\BIBL_A\011772637
005 20181119151858.0
010 _a978-5-98344-547-5
_9500
021 _aRU
_bКН-П-18-052221
_9КН-П-18-3760
035 _a(NLR Aleph) 011772637
035 _a(RuMoRGB)009689934
090 _a11734839
_c11734838
100 _a20180820d2018 k y0rusy50 ca
101 0 _arus
102 _aRU
105 _a |||z|||000zy
200 1 _aПовышение эффективности функционирования почвообрабатывающих комбинированных машин и агрегатов
_eмонография
_fМ.Н. Чаткин, С.Е. Федоров
_gМинистерство образования и науки Российской Федерации, Федеральное государственное бюджетное образовательное учреждение высшего образования "Национальный исследовательский Мордовский государственный университет им. Н.П. Огарева"
210 _aСаранск
_c[б. и.]
_d2018
215 _a107, [1] с.
_cил., табл., цв. ил.
_d21
320 _aБиблиогр.: с. 98-106 (128 назв.)
606 1 _aПочвообрабатывающие машины и орудия комбинированные
_xПараметры
_91992125
_3RU\NLR\AUTH\66914704
686 1 _aП072.2-023
700 1 _aЧаткин
_bМ. Н.
_gМихаил Николаевич
701 1 _7ca
_8rus
_aФедоров
_bС. Е.
_cканд. техн. наук, сельск. хоз-во
_gСергей Евгеньевич
_9197282
_3RU\NLR\AUTH\770197333
942 _cBOOK
980 _aNBR
980 _aNB